Sports Quiz

Random Sports or MLB Quiz

MLB: Most playoff appeances by Managers Quiz Stats

 Plays Quiz not verified by Sporcle

Challenge
Share
Tweet
Embed
Score 0/33 Timer 07:00
0 Plays Today
Appearances Manager % Correct
15Joe Torre
99%
15Bobby Cox
96.9%
13Tony La Russa
95.9%
7Sparky Anderson
80%
7Tom Lasorda
78.5%
5Terry Francona
77.4%
10Casey Stengel
72.8%
7Lou Piniella
72.8%
5Jim Leyland
72.3%
5Billy Martin
70.8%
4Dusty Baker
69.2%
5Davey Johnson
66.7%
5Dick Williams
65.1%
5Ron Gardenhire
62.1%
6Mike Scioscia
61%
8Connie Mack
60%
4Charlie Manuel
59%
Appearances Manager % Correct
6Whitey Herzog
57.4%
9John McGraw
56.9%
6Earl Weaver
55.9%
4Cito Gaston
52.8%
7Walter Alston
49.7%
4Bruce Bochy
46.7%
9Joe McCarthy
45.6%
5Mike Hargrove
44.6%
6Miller Huggins
40.5%
4Dick Howser
32.3%
5Danny Murtaugh
22.1%
4Larry Dierker
13.3%
4Bill McKechnie
11.3%
4Frank Chance
10.3%
4Billy Southworth
9.2%
4Charlie Comiskey
2.1%

You're not logged in!

Compare scores with friends on all Sporcle quizzes.
Join for Free
OR
Log In

You Might Also Like...

Show Comments

Extras

Top Quizzes Today


Score Distribution

Your Account Isn't Verified!

In order to create a playlist on Sporcle, you need to verify the email address you used during registration. Go to your Sporcle Settings to finish the process.

Report this User

Report this user for behavior that violates our Community Guidelines.

Details: